UBT Library

Health law / (Record no. 41214)

000 -LEADER
fixed length control field 00734cam a2200229 a 4500
001 - CONTROL NUMBER
control field 12246527
005 - DATE AND TIME OF LATEST TRANSACTION
control field 20180130033249.0
008 - FIXED-LENGTH DATA ELEMENTS--GENERAL INFORMATION
fixed length control field 001201s2000 mnu 001 0 eng
010 ## - LIBRARY OF CONGRESS CONTROL NUMBER
LC control number 00712060
020 ## - INTERNATIONAL STANDARD BOOK NUMBER
International Standard Book Number 0314246398 (alk. paper)
040 ## - CATALOGING SOURCE
Original cataloging agency DLC
Transcribing agency DLC
Modifying agency DLC
041 ## - LANGUAGE CODE
Language code of text/sound track or separate title eng
043 ## - GEOGRAPHIC AREA CODE
Geographic area code n-us---
080 ## - UNIVERSAL DECIMAL CLASSIFICATION NUMBER
Universal Decimal Classification number 344.73041 FUR
082 00 - DEWEY DECIMAL CLASSIFICATION NUMBER
Classification number 344.73041 FUR
Edition number 21
100 ## - Rafti
Rafti 14
101 ## - Shkurtesa
Shkurtesa JUR
245 00 - TITLE STATEMENT
Title Health law /
Statement of responsibility, etc by Barry R. Furrow ... [et al.].
906 ## - LOCAL DATA ELEMENT F, LDF (RLIN)
a 7
b cbc
c origcop
d 2
e ncip
f 20
g y-gencatlg
942 ## - ADDED ENTRY ELEMENTS (KOHA)
Source of classification or shelving scheme
Item type Books
Holdings
Withdrawn status Lost status Source of classification or shelving scheme Damaged status Not for loan Collection code Permanent location Current location Shelving location Date acquired Total Checkouts Full call number Barcode Date last seen Price effective from Koha item type
          Koleksioni i përgjithshem UBT - Lipjan UBT - Lipjan Koleksioni i përgjithshem 01/30/2018   344.73041 FUR 002-2997038 01/30/2018 01/30/2018 Books
UBT Library © 2015-2024. All rights reserved University Education for Business and Technology